| 000 | 01153nam a2200325 i 4500 | ||
|---|---|---|---|
| 001 | bg | ||
| 003 | BPK | ||
| 005 | 20210111105716.0 | ||
| 008 | 970510s1994 pl a f f |000 0 pol | ||
| 015 | _aPB 11036/94 | ||
| 020 | _a8321336817 | ||
| 040 |
_aWA N _cBPK |
||
| 080 | _a624.01/.07:531 | ||
| 100 | 1 |
_aPyrak, Stefan _eAutor |
|
| 655 | 4 | _aPodręczniki akademickie | |
| 650 | 4 | _aNaprężenia i odkształcenia | |
| 650 | 4 | _aMechanika budowli | |
| 700 | 1 |
_aSzulborski, Kazimierz _d(1940-2015) _eAutor |
|
| 999 |
_c24449 _d24449 |
||
| 999 | _b(075.8) | ||
| 245 | 1 | 0 |
_aMechanika konstrukcji dla architektów : _bprzykłady obliczeń / _cStefan Pyrak, Kazimierz Szulborski. |
| 250 | _aDodr. | ||
| 260 |
_aWarszawa : _b"Arkady", _c1996. |
||
| 300 |
_a364 s. : _brys., wykr. ; _c24 cm. |
||
| 504 | _aBibliogr. s. 364. | ||
| 521 | _aDla studentów wyd. architektury, architektów projektantów i studentów wydz. budowlanych. | ||
| 650 | 4 |
_aBudownictwo _xprojekty. |
|
| 710 | 2 |
_aWydawnictwo "Arkady". _4pbl. |
|
| 942 |
_2udc _cKS |
||
| 856 |
_uhttp://koha.tu.koszalin.pl/cgi-bin/koha/opac-detail.pl?biblionumber=24449 _yKatalog online BPK |
||